| 000 | 00382nam a2200121Ia 4500 | ||
|---|---|---|---|
| 008 | 160609s9999 xx 000 0 und d | ||
| 100 | _aBarbera, Mary. | ||
| 245 | 4 | _aThe Verbal Behavior Approach | |
| 245 | _cBy:Mary Barbera, Tracy Rasmussen | ||
| 260 | _c2015 | ||
| 650 | _xBEHAVIORAL MANAGEMENT | ||
| 856 | _uhttp://file.ebook777.com/010/TheVerBehAppHowToTeaChiWitAutAndRelDis.pdf | ||
| 999 |
_c295933 _d295933 |
||